Top 5 Songs On The Black Album (Jay-Z) - Statistics

General Stats
  • This quiz has been taken 9 times
  • The average score is 3 of 5
Answer Stats
Hint Answer % Correct
197,674,102 99 Problems
100%
101,033,154 Dirt Off Your Shoulder
75%
21,027,717 Encore
75%
42,058,231 Lucifer
50%
42,811,444 Public Service Announcement (Interlude)
25%
No matching quizzes found
Score Distribution
Percent of People with Each Score
Percentile by Number Answered
Your Score History
You have not taken this quiz